MARC details
| 000 -CABECERA |
| campo de control de longitud fija |
03293nam a2200517 a 4500 |
| 001 - NÚMERO DE CONTROL |
| campo de control |
000103303 |
| 003 - IDENTIFICADOR DEL NÚMERO DE CONTROL |
| campo de control |
CHAP |
| 005 - FECHA Y HORA DE LA ÚLTIMA TRANSACCIÓN |
| campo de control |
20241007110517.0 |
| 007 - CAMPO FIJO DE DESCRIPCIÓN FÍSICA--INFORMACIÓN GENERAL |
| campo de control de longitud fija |
cr ||||||a|c|a |
| 008 - DATOS DE LONGITUD FIJA--INFORMACIÓN GENERAL |
| campo de control de longitud fija |
101112s2010 mx r 00010 spa d |
| 035 ## - NÚMERO DE CONTROL DEL SISTEMA |
| Número de control de sistema |
111424 |
| 040 ## - FUENTE DE LA CATALOGACIÓN |
| Centro/agencia transcriptor |
CHAP |
| 090 ## - LOCALMENTE ASIGNADO TIPO-LC NÚMERO DE CLASIFICACIÓN (OCLC); NÚMERO DE CLASIFICACIÓN LOCAL (RLIN) |
| Número de clasificación (OCLC) (R) ; Numero de clasificación, CALL (RLIN) (NR) |
Tesis |
| 100 1# - ENTRADA PRINCIPAL--NOMBRE DE PERSONA |
| Nombre de persona |
Sandoval Romero, Fermín. |
| 9 (RLIN) |
102160 |
| 245 10 - MENCIÓN DE TÍTULO |
| Título |
Valoración económica del agua potable en la delegación Iztapalapa, DF. |
| Mención de responsabilidad, etc. |
/por Fermin Sandoval Romero; director de tesis Ramón Valdivia Alcalá. |
| 264 ## - PRODUCCIÓN, PUBLICACIÓN, DISTRIBUCIÓN, FABRICACIÓN Y COPYRIGHT |
| Producción, publicación, distribución, fabricación y copyright |
Chapingo, Méx. : |
| Nombre del de productor, editor, distribuidor, fabricante |
El autor, |
| Fecha de producción, publicación, distribución, fabricación o copyright |
2010. |
| 300 ## - DESCRIPCIÓN FÍSICA |
| Extensión |
1 recurso en línea (113 páginas): |
| Otras características físicas |
cuadros, gráficas. |
| 336 ## - TIPO DE CONTENIDO |
| Fuente |
rdacontent |
| Término de tipo de contenido |
texto |
| Código de tipo de contenido |
txt |
| 337 ## - TIPO DE MEDIO |
| Fuente |
rdamedia |
| Nombre/término del tipo de medio |
computadora |
| Código del tipo de medio |
c |
| 338 ## - TIPO DE SOPORTE |
| Fuente |
rdacarrier |
| Nombre/término del tipo de soporte |
recursos en línea |
| Código del tipo de soporte |
cr |
| 502 ## - NOTA DE TESIS |
| Tipo de título |
Maestría en Ciencias en Economía Agrícola y de los Recursos Naturales |
| Nombre de la institución que otorga el título |
División de Ciencias Económico Administrativas, |
| Año de obtención del título |
2010. |
| Información miscelánea |
Maestría |
| 520 ## - SUMARIO, ETC. |
| Sumario, etc. |
En la presente investigación se abordó la problemática que existe en la Delegación Iztapalapa para el caso del agua potable, esta Delegación es la más poblada del DF y la que más problemas de agua presenta, cuenta con 1, 820,888 habitantes y los problemas de agua afectan a toda la Delegación sobre todo a las zonas más marginadas como son las que se encuentra en las faldas de la Sierra de Santa Catarina, Santa Catarina y San Lorenzo Tezonco. La problemática principal en la Delegación es la calidad y escasez del agua, ya que el 42% de los entrevistados tiene una percepción de contaminación alta del agua, 38% tiene una percepción de contaminación regular y 12% muy alta, en cuanto a la escasez del agua 39% nos dice que la escases es alta, 42% dice que es regular y 12% dice que es muy alta. Para esta investigación se utilizó el método de valoración contingente, para lo cual se realizaron 95 encuestas a usuarios y así se recabó la información necesaria para poder obtener la DAP o VC de los habitantes de la Delegación, la DAP promedio obtenida fue de $62.6315 pudiendo obtener un valor de uso aproximado de $165, 848, 462.5 pesos anuales por el pago del agua. Las variables que más explicaron la DAP fueron precio, edad, escolaridad y sexo y se desecharon estado civil, tamaño familiar, ingreso, calidad del agua percibida y escasez del agua percibida ya que estas no tenían una confiabilidad del 95%. |
| 650 14 - PUNTO DE ACCESO ADICIONAL DE MATERIA--TÉRMINO DE MATERIA |
| Término de materia o nombre geográfico como elemento de entrada |
Agua potable |
| Subdivisión general |
Mexico (D.F.) |
| 9 (RLIN) |
2448 |
| 650 14 - PUNTO DE ACCESO ADICIONAL DE MATERIA--TÉRMINO DE MATERIA |
| Término de materia o nombre geográfico como elemento de entrada |
Agua |
| Subdivisión general |
Abastecimiento |
| -- |
Costos. |
| 9 (RLIN) |
2238 |
| 650 14 - PUNTO DE ACCESO ADICIONAL DE MATERIA--TÉRMINO DE MATERIA |
| Término de materia o nombre geográfico como elemento de entrada |
Agua |
| Subdivisión general |
Utilización. |
| 9 (RLIN) |
2401 |
| 650 14 - PUNTO DE ACCESO ADICIONAL DE MATERIA--TÉRMINO DE MATERIA |
| Término de materia o nombre geográfico como elemento de entrada |
Comunidades rurales. |
| 9 (RLIN) |
26254 |
| 650 14 - PUNTO DE ACCESO ADICIONAL DE MATERIA--TÉRMINO DE MATERIA |
| Término de materia o nombre geográfico como elemento de entrada |
Marginalidad social. |
| 9 (RLIN) |
71348 |
| 700 1# - PUNTO DE ACCESO ADICIONAL--NOMBRE DE PERSONA |
| Nombre de persona |
Valdivia Alcalá, Ramón |
| 9 (RLIN) |
117308 |
| Término indicativo de función/relación |
Director de tesis. |
| 856 ## - LOCALIZACIÓN Y ACCESO ELECTRÓNICOS |
| Identificador Uniforme del Recurso |
http://10.13.5.2/tesis/111424.pdf |
| Nota pública |
DESCARGAR PDF |
| 942 ## - ELEMENTOS DE PUNTO DE ACCESO ADICIONAL (KOHA) |
| Tipo de ítem Koha |
Tesis digital |
| Fuente del sistema de clasificación o colocación |
Clasificación Universidad Autónoma Chapingo |
| 590 ## - NOTA LOCAL (RLIN) |
| Nota local |
ALEPH |
| Procedencia (VM) [OBSOLETO] |
10 |
| Condición del los carretes individuales (VM) [OBSOLETO] |
20130110 |
| 590 ## - NOTA LOCAL (RLIN) |
| Nota local |
BATCH-UPD |
| Procedencia (VM) [OBSOLETO] |
10 |
| Condición del los carretes individuales (VM) [OBSOLETO] |
20130110 |
| 590 ## - NOTA LOCAL (RLIN) |
| Nota local |
BATCH-UPD |
| Procedencia (VM) [OBSOLETO] |
10 |
| Condición del los carretes individuales (VM) [OBSOLETO] |
20130410 |
| 590 ## - NOTA LOCAL (RLIN) |
| Nota local |
BATCH-UPD |
| Procedencia (VM) [OBSOLETO] |
10 |
| Condición del los carretes individuales (VM) [OBSOLETO] |
20130914 |
| 590 ## - NOTA LOCAL (RLIN) |
| Nota local |
BATCH-UPD |
| Procedencia (VM) [OBSOLETO] |
10 |
| Condición del los carretes individuales (VM) [OBSOLETO] |
20140324 |
| 590 ## - NOTA LOCAL (RLIN) |
| Nota local |
BATCH-UPD |
| Procedencia (VM) [OBSOLETO] |
10 |
| Condición del los carretes individuales (VM) [OBSOLETO] |
20141001 |
| 590 ## - NOTA LOCAL (RLIN) |
| Nota local |
BATCH-UPD |
| Procedencia (VM) [OBSOLETO] |
10 |
| Condición del los carretes individuales (VM) [OBSOLETO] |
20141002 |
| 590 ## - NOTA LOCAL (RLIN) |
| Nota local |
CONVERSION |
| Procedencia (VM) [OBSOLETO] |
10 |
| Condición del los carretes individuales (VM) [OBSOLETO] |
20130109 |
| 590 ## - NOTA LOCAL (RLIN) |
| Nota local |
E12093SGE |
| Procedencia (VM) [OBSOLETO] |
10 |
| Condición del los carretes individuales (VM) [OBSOLETO] |
20130710 |
| 590 ## - NOTA LOCAL (RLIN) |
| Nota local |
E12093SGE |
| Procedencia (VM) [OBSOLETO] |
10 |
| Condición del los carretes individuales (VM) [OBSOLETO] |
20130710 |
| 901 ## - ELEMENTOS DE DATOS A LOCAL LDA (RLIN) |
| a |
BK |
| 949 ## - PROCESAMIENTO DE INFORMACIÓN LOCAL (OCLC) |
| a |
Tesis |
| b |
BC |
| c |
TES |
| d |
33724002220462 |
| e |
TS2 |
| f |
c.2 |
| g |
DonaciØn |
| h |
51401 |
| i |
111424 |
| s |
b |
| 949 ## - PROCESAMIENTO DE INFORMACIÓN LOCAL (OCLC) |
| a |
Tesis |
| b |
BC |
| c |
TES |
| d |
33724002220470 |
| e |
TS1 |
| g |
DonaciØn |
| h |
51400 |
| i |
111424 |
| s |
b |